KOHA-Header-6

Prolog ++ (The Power of Object-Oriented and Logic Programming) (Record no. 6413)

000 -LEADER
fixed length control field 00289nam a2200109Ia 4500
100 ## - MAIN ENTRY--AUTHOR NAME
Personal name Chris Moss
245 #0 - TITLE STATEMENT
Title Prolog ++ (The Power of Object-Oriented and Logic Programming)
260 ## - PUBLICATION, DISTRIBUTION, ETC. (IMPRINT)
Place of publication USA
Name of publisher Macmillan
Year of publication 1995
300 ## - PHYSICAL DESCRIPTION
Number of Pages 312
942 ## - ADDED ENTRY ELEMENTS (KOHA)
Koha item type Books
Holdings
Withdrawn status Lost status Collection code Permanent Location Current Location Shelving location Date acquired Full call number Accession Number Koha item type
    Computer Science MAJU MAJU   2019-09-07 005.2 917 Computer Science

Powered by Koha